<?xml version="1.0" encoding="UTF-8"?>
<collection xmlns="http://www.loc.gov/MARC21/slim">
  <record>
    <leader>00000nam  2200000   4500</leader>
    <controlfield tag="001">INLIS000000000001240</controlfield>
    <controlfield tag="005">20230405112423</controlfield>
    <datafield tag="035" ind1="#" ind2="#">
      <subfield code="a">0010-0423000052</subfield>
    </datafield>
    <controlfield tag="007">ta</controlfield>
    <controlfield tag="008">230405################g##########0#ind##</controlfield>
    <datafield tag="020" ind1="#" ind2="#">
      <subfield code="a">9786020659695</subfield>
    </datafield>
    <datafield tag="082" ind1="#" ind2="#">
      <subfield code="a">899</subfield>
    </datafield>
    <datafield tag="084" ind1="#" ind2="#">
      <subfield code="a">899 FER m</subfield>
    </datafield>
    <datafield tag="100" ind1=" " ind2="#">
      <subfield code="a">Ferrante, Ellena</subfield>
    </datafield>
    <datafield tag="245" ind1="1" ind2="#">
      <subfield code="a">My Brilliant Friend :</subfield>
      <subfield code="b">Sahabatku Yang Brillian /</subfield>
      <subfield code="c">Ellena Ferrante</subfield>
    </datafield>
    <datafield tag="250" ind1="#" ind2="#">
      <subfield code="a">Cetakan Kedua</subfield>
    </datafield>
    <datafield tag="260" ind1="#" ind2="#">
      <subfield code="a">Jakarta :</subfield>
      <subfield code="b">Gramedia,</subfield>
      <subfield code="c">2016</subfield>
    </datafield>
    <datafield tag="300" ind1="#" ind2="#">
      <subfield code="a">408 :</subfield>
      <subfield code="b">- ;</subfield>
      <subfield code="c">20 cm</subfield>
    </datafield>
    <datafield tag="650" ind1="#" ind2="4">
      <subfield code="a">Sahabat</subfield>
    </datafield>
    <datafield tag="520" ind1="#" ind2="#">
      <subfield code="a">Inilah karya masterpiece modern dari penulis ternama Italia. Kisah tentang keluarga, cinta, dan persahabatan, serta bagaimana kerasnya kehidupan di kota yang papa terurai dari sudut pandang dua perempuan ini, dan bagaimana semua itu akhirnya mengubah persahabatan Elena dan Lila.</subfield>
    </datafield>
  </record>
</collection>
